00517nam a2200181Ia 4500003000900000008004100009040001300050040001300063041000800076245002400084250001200108260001300120260000900133300001000142490000600152600013800158710003900296IT-RoPAU120407s9999 xx 000 0 und d aIT-RoPAU cIT-RoPAU aita aRoma e la provincia aBologna aCappelli c1985 c24 cm v2 a"1° v. Organizzazione, economia, società. 539 p. 2° v. Topografia, urbanizzazione, cultura. 723 p." aIstituto Nazionale di Studi Romani